Pertenencia religiosa y reconstrucción de la comunidad en medio del conflictos armados: la historia de Yolanda Suárez /

Sábháilte in:
Sonraí bibleagrafaíochta
Príomhchruthaitheoir: Lozano V, Fabio
Formáid: Téacs
Ábhair:
Clibeanna: Cuir clib leis
Níl clibeanna ann, Bí ar an gcéad duine le clib a chur leis an taifead seo!

MARC

LEADER 00000 a a2200000 04500
001 8980
003
040
100 |a Lozano V, Fabio  
245 |a Pertenencia religiosa y reconstrucción de la comunidad en medio del conflictos armados: la historia de Yolanda Suárez /  |c Fabio Lozano V 
650 |a GUERRA  
650 |a VIOLENCIA  
650 |a CATOLICISMO  
650 |a COMUNIDADES  
650 |a COLOMBIA  
773 |g número 187; páginas 47-56  
999 |c 26844  |d 26844